00451nam a2200133Ia 4500008004100000100001700041245008600058245004300144260004900187260000900236300001100245650001300256856004800269170221s9999 xx 000 0 und d aTih Koon Tan aFinancial Distress and Firm Performance: Evidence from the Asian Financial Crisis cTih Koon Tan, The University of Tampa. bJournal of Management and Marketing Research c2016 a14 : 1 xBusiness uhttp://www.aabri.com/manuscripts/121199.pdf